भारतीय शिक्षा की समस्याएॅं तथा प्रवृत्तियॉं (Record no. 1022995)

MARC details
000 -LEADER
fixed length control field 01235nam a2200277Ia 4500
003 - CONTROL NUMBER IDENTIFIER
control field OSt
005 - DATE AND TIME OF LATEST TRANSACTION
control field 20221005111818.0
008 - FIXED-LENGTH DATA ELEMENTS--GENERAL INFORMATION
fixed length control field 221004b |||||||| |||| 00| 0 hin d
037 ## - SOURCE OF ACQUISITION
Terms of availability Textual
040 ## - CATALOGING SOURCE
Original cataloging agency CRL
Transcribing agency CRL
Language of cataloging hin
041 ## - LANGUAGE CODE
Source of code hin
Language code of text/sound track or separate title hin
100 ## - MAIN ENTRY--PERSONAL NAME
Personal name अदावल, सुबोध
245 #0 - TITLE STATEMENT
Title भारतीय शिक्षा की समस्याएॅं तथा प्रवृत्तियॉं
Remainder of title एक विश्लेषणात्मक अध्ययन
246 ## - VARYING FORM OF TITLE
Title proper/short title Bhāratīya shikṣhā kī samasyāeॅan tathā pravṛuttiyaॉan: ek vishleṣhaṇātmak adhyayana
250 ## - EDITION STATEMENT
Edition statement द्वितीय संस्करण
260 ## - PUBLICATION, DISTRIBUTION, ETC.
Place of publication, distribution, etc. लखनऊ
Name of publisher, distributor, etc. उत्तर प्रदेश हिंदी संस्थान भारत
Date of publication, distribution, etc. 1982
300 ## - PHYSICAL DESCRIPTION
Extent 507पृ.
Dimensions cm.
490 ## - SERIES STATEMENT
Series statement हिन्दी ग्रंथ अकादमी; 43
700 ## - ADDED ENTRY--PERSONAL NAME
Personal name उनियाल, माधवेन्द्र
942 ## - ADDED ENTRY ELEMENTS (KOHA)
Classification part T.2, 152M2
Koha item type Textual
Source of classification or shelving scheme
Holdings
Withdrawn status Lost status Damaged status Not for loan Home library Current library Date acquired Total Checkouts Full call number Barcode Date last seen Price effective from Koha item type
        Central Library Central Library 2022-10-05   T.2 152M2 BL1039850 Bra 2022-10-05 2022-10-05 Textual
Copyright @ Delhi University Library System